Sur quelles chansons Le sserafim ont-elles collaboré avec ces artistes - Statistiques

Statistiques générales
  • Ce quiz a été pris 8 fois
  • Le résultat moyen est 7 sur 10
Statistiques - réponses
Artistes Chansons % Correct
Nile Rodgers Unforgiven
100%
Ado Unforgiven
100%
Dashaun Wesley Crazy
71%
PinkPantheress Crazy
71%
David Guetta Crazy
71%
Jp The Wavy Crazy
71%
Jade Hot
71%
Bibi Eve, Psyche And The Bluebeard's Wife
57%
Camo Eve, Psyche And The Bluebeard's Wife
57%
Mirani Eve, Psyche And The Bluebeard's Wife
57%
Aucun quiz correspondant
Distribution des résultats
% des personnes avec chaque résultat
Percentile par nombre de réponses
Votre historique - résultats
Vous n’avez pas pris ce quiz